| 000 | 01771nam2a2200289 4500 | ||
|---|---|---|---|
| 001 | RU\NLR\BIBL_A\022556158 | ||
| 005 | 20250619112739.0 | ||
| 010 |
_a978-5-907681-81-1 _990 |
||
| 021 |
_aRU _bКН-П-25-021408 _9КН-П-25-2164 |
||
| 035 | _a(NLR Aleph) 022556158 | ||
| 090 |
_a13433439 _c13433439 |
||
| 100 | _a20250602d2024 k y0rusy50 ca | ||
| 101 | 0 | _arus | |
| 102 | _aRU | ||
| 105 | _aa z 010yy | ||
| 200 | 0 |
_aВып. 5 _f[Козунова О. М., Кузнецов А. С., Пирязева и др.] |
|
| 210 | _d2024 | ||
| 215 |
_a115 с. _cил., табл. |
||
| 300 | _aАвт. указ. в тексте огл. | ||
| 300 | _aПосвящ.: 300-летию Рос. акад. наук | ||
| 320 | _aБиблиогр. в конце гл. | ||
| 461 | 0 |
_1001RU\NLR\BIBL_A\012470936 _12001#$aСовременные информационные технологии и процессы$eколлективная монография$fответственный редактор и составитель Т. В. Пирязева$gРегиональное отделение "Информационные технологии и процессы" общественной организации "Международная академия информатизации"$vВып. 5 _912079139 _cМосква _d2020 _fответственный редактор и составитель Т. В. Пирязева _nЭкон-Информ _oколлективная монография _tСовременные информационные технологии и процессы _vВып. 5 |
|
| 701 | 1 |
_aКозунова _bО. М. _gОксана Михайловна |
|
| 942 | _cBOOK | ||
| 980 | _aNB | ||